La guerra desconocida: Rusia vs. Alemania en la matanza de la II guerra mundial que costó 30 000 000 de vidas
Saved in:
| Hovedforfatter: | |
|---|---|
| Format: | Bog |
| Sprog: | spansk |
| Udgivet: |
Ciudad de México, México
Diana
1980
|
| Fag: | |
| Tags: |
Tilføj Tag
Ingen Tags, Vær først til at tagge denne postø!
|
MARC
| LEADER | 00000nam a2200000 a 4500 | ||
|---|---|---|---|
| 001 | UCO0344 | ||
| 003 | CL-VaPUC | ||
| 005 | 20231102094545.0 | ||
| 008 | 000420e19800000MX |||||||||||||||||spa|d | ||
| 999 | |c 287055 |d 287053 | ||
| 040 | |c Pontificia Universidad Católica de Valparaíso | ||
| 082 | 0 | 4 | |a 940.54217 SAL 1980 |2 21 |
| 100 | 0 | |a Salisbury, Harrison E |e author |9 441549 | |
| 245 | 1 | 3 | |a La guerra desconocida: |b Rusia vs. Alemania en la matanza de la II guerra mundial que costó 30 000 000 de vidas |
| 260 | |a Ciudad de México, México |b Diana |c 1980 | ||
| 300 | |a 275 páginas | ||
| 583 | |a last modification |c 20120831 12:17:55 |k Rodrigo Vera | ||
| 650 | 7 | |a HISTORIA DE EUROPA |2 CL-VaPUC |9 441550 |y 1942 | |
| 650 | 0 | |a Historia contemporánea |9 343224 | |
| 650 | 0 | |a Segunda Guerra Mundial |9 325982 | |
| 650 | 7 | |a BATALLAS |2 CL-VaPUC |9 376940 | |
| 651 | 0 | |a Rusia |z STALINGRADO |9 256106 | |
| 942 | |c BK |2 ddc | ||
| 945 | |d 20000420 00:00:00 |a rherrera | ||
| 952 | |0 0 |1 0 |2 ddc |4 0 |6 940_542170000000000_SAL_1980 |7 0 |8 A |9 333451 |a BIBHIS |b BIBHIS |d 2019-11-20 |i 1264982 |o 940.54217 SAL 1980 |p 1264982 |r 2025-01-20 |t 1 |w 2019-11-20 |y BK |k HIS | ||